Diffusion of nationalist voting in Scotland and Wales: emulation, contagion and retrenchment

Furkejuvvon:
Bibliográfalaš dieđut
Váldodahkki: Lutz, James M.
Searvvušdahkki: University of Fort Wayne
Materiálatiipa: Texto
Almmustuhtton: s.l: Butterworth & Co
Fáttát:
Fáddágilkorat: Lasit fáddágilkoriid
Eai fáddágilkorat, Lasit vuosttaš fáddágilkora!

MARC

LEADER 00000 a a2200000 04500
001 32887
003
040
090 |a 205300  
100 |a Lutz, James M.  
110 |a University of Fort Wayne  
245 |a Diffusion of nationalist voting in Scotland and Wales: emulation, contagion and retrenchment  
260 |a s.l:   |b Butterworth & Co  
300 |a pp. 249-266  
650 |a GEOGRAFIA POLITICA  
650 |a TEORIA POLITICA  
650 |a ANALISIS COMPARATIVO  
650 |a VOTACION  
650 |a ANALISIS POLITICO  
650 |a GRAN BRETAÑA  
999 |c 15950  |d 15950